El psicoanalista
Saved in:
| Hovedforfatter: | |
|---|---|
| Format: | Bog |
| Sprog: | spansk |
| Udgivet: |
Barcelona
Ediciones B S. A
2009
|
| Udgivelse: | 1a. ed |
| Fag: | |
| Tags: |
Tilføj Tag
Ingen Tags, Vær først til at tagge denne postø!
|
MARC
| LEADER | 00000cam a2200000 a 4500 | ||
|---|---|---|---|
| 001 | UCC6951 | ||
| 003 | CL-VaPUC | ||
| 008 | 190125e20090000sp |||||||||||||||||spa|d | ||
| 020 | |a 9788498721805 | ||
| 082 | 0 | 4 | |a 813 |b KAT |2 21 |
| 100 | |a Katzenbach, John |e author |9 601476 | ||
| 245 | 1 | 3 | |a El psicoanalista |
| 250 | |a 1a. ed | ||
| 300 | |a 523 p | ||
| 942 | |c BK | ||
| 945 | |d 20190125 15:54:00 |a dcastane | ||
| 260 | |a Barcelona |b Ediciones B S. A |c 2009 | ||
| 650 | 0 | |a Novelas estadounidenses |9 265217 | |
| 650 | 0 | |a Literatura estadounidense |9 317168 | |
| 583 | |a last modification |c 20190125 15:54:00 |k Rodrigo Vera | ||
| 999 | |c 373765 |d 373763 | ||
| 952 | |0 0 |1 0 |3 erb |4 0 |6 813_000000000000000_KAT_2009 |7 0 |8 C |9 491994 |a BIBCUR |b BIBCUR |i 5531438 |l 10 |m 2 |o 813 KAT 2009 |p 5531438 |r 2025-05-09 |s 2025-05-02 |w 2019-11-24 |y BK |z Catalogado en:20190125 |k CAC | ||